| 000 | 01686cam a22004457a 4500 | ||
|---|---|---|---|
| 003 | CHAP | ||
| 005 | 20220329142831.0 | ||
| 008 | 040609s2003 mx b r 00010 spa d | ||
| 010 | _a88457 | ||
| 011 | _a89429 | ||
| 035 | _a99980 | ||
| 040 | _cCHAP | ||
| 090 | _aTesis | ||
| 100 | 0 | 0 |
_aAcosta Garcia, Fidel Angel. _9653 |
| 245 | 1 | 0 |
_aEstrategias para el combate de la pobreza en México; _bestudio de caso FONAES _c/por Fidel Ángel Acosta García y Juan Luis Díaz López |
| 260 |
_aChapingo, Méx. : _bEl autor, _c2003. |
||
| 300 |
_a106 h. : _bmapa |
||
| 502 | _aTesis (Lic. en Comercio Internacional de Productos Agropecuarios) -- UACH. División de Ciencias Económico Administrativas | ||
| 530 | _aTambién disponible en línea | ||
| 590 |
_aALEPH _b10 _c20130110 _lUCH01 _h1458 |
||
| 590 |
_aBATCH-UPD _b10 _c20130110 _lUCH01 _h0721 |
||
| 590 |
_aBATCH-UPD _b10 _c20130111 _lUCH01 _h0001 |
||
| 590 |
_aBATCH-UPD _b10 _c20130410 _lUCH01 _h0405 |
||
| 590 |
_aBATCH-UPD _b10 _c20130914 _lUCH01 _h1217 |
||
| 590 |
_aBATCH-UPD _b10 _c20140324 _lUCH01 _h1445 |
||
| 590 |
_aBATCH-UPD _b10 _c20141002 _lUCH01 _h0822 |
||
| 590 |
_aBATCH _b00 _c20181121 _lUCH01 _h0758 |
||
| 590 |
_aCONVERSION _b10 _c20130109 _lUCH01 _h1349 |
||
| 650 | 1 | 4 |
_aInversiones. _960178 |
| 650 | 1 | 4 |
_aPobreza. _989463 |
| 650 | 1 | 4 |
_aProyectos _xFinanciamiento. _992526 |
| 700 | 0 |
_aDíaz López, Juan Luis. _933534 |
|
| 856 |
_3Finding aid _uhttp://10.13.5.2/tesis/99980.pdf _zTeclea aqui |
||
| 856 |
_a1 _n0000028 |
||
| 901 | _aBK | ||
| 905 | _aMayto Villalobos S. | ||
| 942 | _cFOLL | ||
| 949 |
_aTesis _bBC _cTES _d33724000926515 _eTS2 _fc.2 _h41474 _i99980 _si |
||
| 949 |
_aTesis _bBC _cTES _d99980123 _eTS1 _h41473 _i99980 _sb |
||
| 999 |
_c88457 _d88457 |
||